The habitual prisoner : (Record no. 5066)
[ view plain ]
| 000 -LEADER | |
|---|---|
| fixed length control field | 00754cam a2200229u 4500 |
| 001 - CONTROL NUMBER | |
| control field | 5066 |
| 003 - CONTROL NUMBER IDENTIFIER | |
| rucl marc code | BD-RjUL |
| 005 - DATE AND TIME OF LATEST TRANSACTION | |
| control field | 20211208234013.0 |
| 008 - FIXED-LENGTH DATA ELEMENTS--GENERAL INFORMATION | |
| fixed length control field | 131224s1963 enk 000 0 eng |
| 035 ## - SYSTEM CONTROL NUMBER | |
| System control number | (BD-RjUL)5102 |
| 040 ## - CATALOGING SOURCE | |
| Original cataloging agency | DLC |
| Transcribing agency | CarP |
| Modifying agency | DLC |
| -- | BD-RjUL |
| Language of cataloging | eng |
| 041 ## - LANGUAGE CODE | |
| Language code of text/sound track or separate title | eng |
| 082 ## - DEWEY DECIMAL CLASSIFICATION NUMBER | |
| Classification number | 364.601 |
| Author mark and year | HAB 1963 |
| 110 2# - MAIN ENTRY--CORPORATE NAME | |
| Corporate name or jurisdiction name as entry element | University of Cambridge. |
| Subordinate unit | Institute of Criminology. |
| 9 (RLIN) | 133594 |
| 245 14 - TITLE STATEMENT | |
| Title | The habitual prisoner : |
| Remainder of title | an enquiry by the Cambridge Institute of Criminology / |
| Statement of responsibility, etc. | edited by D.J. West. |
| 260 ## - PUBLICATION, DISTRIBUTION, ETC. (IMPRINT) | |
| Place of publication, distribution, etc. | London ; |
| -- | New York : |
| Name of publisher, distributor, etc. | Macmillan, |
| -- | St Martin's Press, |
| Date of publication, distribution, etc. | c1963. |
| 300 ## - PHYSICAL DESCRIPTION | |
| Pagination | x, 125 p. ; |
| Size | 23 cm. |
| 650 #0 - SUBJECT ADDED ENTRY--TOPICAL TERM | |
| Topical term or geographic name as entry element | Recidivists. |
| 9 (RLIN) | 15953 |
| 700 1# - ADDED ENTRY--PERSONAL NAME | |
| Personal name | West, D. J. |
| Fuller form of name | (Donald James), |
| Dates associated with a name | 1924- |
| 942 ## - ADDED ENTRY ELEMENTS (KOHA) | |
| Source of classification or shelving scheme | Dewey Decimal Classification |
| Koha item type | Books |
| Lost status | Source of classification or shelving scheme | Damaged status | Not for loan | Collection code | Permanent Location | Current Location | Shelving location | Date acquired | Source of acquisition | Cost, normal purchase price | Total Checkouts | Full call number | Date last seen | Copy number | Koha item type |
|---|---|---|---|---|---|---|---|---|---|---|---|---|---|---|---|
| Dewey Decimal Classification | Not For Loan | Non-fiction | Central Library, University of Rajshahi | Central Library, University of Rajshahi | 15/06/1968 | Zeitlinger | 25.00 | 364.601 HAB 1963 | 24/12/2013 | C-1 | Books | ||||
| Dewey Decimal Classification | Non-fiction | Central Library, University of Rajshahi | Central Library, University of Rajshahi | 17/03/1966 | Zeitlinger | 0.00 | 364.601 HAB 1963 | 23/08/2016 | C-2 | Books | |||||
| Dewey Decimal Classification | Non-fiction | Central Library, University of Rajshahi | Central Library, University of Rajshahi | 17/03/1966 | Zeitlinger | 0.00 | 364.601 HAB 1963 | 23/08/2016 | C-4 | Books | |||||
| Dewey Decimal Classification | Non-fiction | Central Library, University of Rajshahi | Central Library, University of Rajshahi | 15/06/1968 | Zeitlinger | 25.00 | 364.601 HAB 1963 | 17/10/2016 | C-3 | Books |